[Event "Titled Tuesday intern op 14th April"]
[Site "Chess.com INT"]
[Date "2020.04.14"]
[Round "3"]
[White "Dlugy, Maxim"]
[Black "Balog, Imre1111"]
[Result "1/2-1/2"]
[WhiteElo "2513"]
[BlackElo "2567"]
[PlyCount "103"]
[EventDate "2020.04.14"]
[EventType "swiss (blitz)"]
[EventRounds "10"]
[EventCountry "USA"]
[SourceTitle "EXT 2021"]
[Source "ChessBase"]
[SourceDate "2020.10.23"]
[SourceVersion "1"]
[SourceVersionDate "2020.10.23"]
[SourceQuality "1"]

1. d4 Nf6 2. Bf4 c5 3. d5 Qb6 4. Nc3 d6 5. Rb1 g6 6. e4 Bg7 7. Be2 Qb4 8. a3 Qa5 9. Qd2 a6 10. Nf3 b5 11. Bd3 Bg4 12. 0-0 Bxf3 13. gxf3 Nbd7 14. b4 Qc7 15. Bh6 Ne5 16. Be2 Bxh6 17. Qxh6 cxb4 18. Nxb5 axb5 19. Bxb5+ Kd8 20. f4 Neg4 21. Qh4 bxa3 22. Bc6 a2 23. Bxa8 axb1Q 24. Rxb1 Qa7 25. Bc6 Nxe4 26. Qxg4 Qxf2+ 27. Kh1 f5 28. Qg2 Qa7 29. Rb7 Qa1+ 30. Qg1 Qxg1+ 31. Kxg1 Kc8 32. Rxe7 h6 33. Rg7 g5 34. Bd7+ Kb8 35. Bxf5 Nc3 36. fxg5 hxg5 37. Be6 Ne2+ 38. Kg2 Nf4+ 39. Kf3 Rxh2 40. Rxg5 Nh5 41. Kg4 Nf6+ 42. Kf5 Nh5 43. c4 Rf2+ 44. Kg6 Nf4+ 45. Kf7 Nxd5+ 46. Ke8 Nc7+ 47. Kd7 Nxe6 48. Kxe6 Rc2 49. Kd5 Kc7 50. Rg7+ Kc8 51. Kxd6 Rxc4 52. Rg8+ 1/2-1/2

[Event "Titled Tuesday intern op 14th April"]
[Site "Chess.com INT"]
[Date "2020.04.14"]
[Round "6"]
[White "Janik, Igor"]
[Black "Dlugy, Maxim"]
[Result "1-0"]
[WhiteElo "2467"]
[BlackElo "2513"]
[PlyCount "111"]
[EventDate "2020.04.14"]
[EventType "swiss (blitz)"]
[EventRounds "10"]
[EventCountry "USA"]
[SourceTitle "EXT 2021"]
[Source "ChessBase"]
[SourceDate "2020.10.23"]
[SourceVersion "1"]
[SourceVersionDate "2020.10.23"]
[SourceQuality "1"]

1. d4 d5 2. c4 dxc4 3. e4 e5 4. Nf3 Bb4+ 5. Bd2 Bxd2+ 6. Qxd2 exd4 7. Nxd4 Ne7 8. Bxc4 Nbc6 9. Nxc6 Qxd2+ 10. Nxd2 Nxc6 11. 0-0-0 Be6 12. f3 Ke7 13. Bxe6 fxe6 14. Nc4 Rad8 15. Rxd8 Rxd8 16. Rd1 Rxd1+ 17. Kxd1 b5 18. Ne3 Nd4 19. Kd2 c5 20. Ng4 Kd6 21. h4 c4 22. h5 h6 23. f4 b4 24. Ne5 Kc5 25. g4 c3+ 26. bxc3 bxc3+ 27. Kxc3 Ne2+ 28. Kd3 Nxf4+ 29. Ke3 Nh3 30. Nd7+ Kb4 31. Kd4 Ng5 32. Nc5 a5 33. Nb7 a4 34. e5 Nf3+ 35. Ke4 Nd2+ 36. Kd4 a3 37. Nd8 Nb3+ 38. Kd3 Nc5+ 39. Kd4 Kb5 40. Kc3 Kb6 41. Kb4 Nd3+ 42. Kxa3 Nf4 43. Kb4 Kc7 44. Nf7 Nd3+ 45. Kc4 Nf2 46. g5 hxg5 47. Nxg5 Kd7 48. a4 Ng4 49. Kd4 Nh6 50. a5 Nf5+ 51. Kc5 Ne7 52. a6 Nc8 53. Nf7 Kc7 54. Nd6 Na7 55. Nb5+ Nxb5 56. Kxb5 1-0

[Event "Titled Tuesday intern op 5th Nov"]
[Site "Chess.com INT"]
[Date "2019.11.05"]
[Round "1"]
[White "Kiremitciyan, Ari"]
[Black "Dlugy, Maxim"]
[Result "1/2-1/2"]
[WhiteElo "2264"]
[BlackElo "2513"]
[PlyCount "123"]
[EventDate "2019.11.05"]
[EventType "swiss (blitz)"]
[EventRounds "10"]
[EventCountry "USA"]
[SourceTitle "EXT 2021"]
[Source "ChessBase"]
[SourceDate "2020.10.23"]
[SourceVersion "1"]
[SourceVersionDate "2020.10.23"]
[SourceQuality "1"]

1. Nf3 d5 2. e3 Nf6 3. c4 dxc4 4. Bxc4 e6 5. 0-0 a6 6. Qe2 c5 7. Rd1 b5 8. Bb3 Bb7 9. d3 Nbd7 10. a4 Be7 11. Nc3 b4 12. Nb1 0-0 13. Nbd2 Qc7 14. Nc4 a5 15. e4 Nb8 16. h3 Nc6 17. Be3 Rfd8 18. Rac1 Rac8 19. Rc2 h6 20. Rdc1 Nd7 21. Ncd2 Qb8 22. Bc4 Nde5 23. Nxe5 Nxe5 24. Nb3 Nxc4 25. dxc4 Bxe4 26. Rd2 Rxd2 27. Nxd2 Bc6 28. b3 Qb7 29. Qg4 h5 30. Qxh5 Bf6 31. Qg4 Rd8 32. Nf1 Rd3 33. Rb1 Be4 34. Bxc5 Rxh3 35. Qxh3 Bxb1 36. Qe3 Be4 37. f3 Bc2 38. Nd2 Bc3 39. Ne4 Be5 40. Bd4 Qc7 41. Bxe5 Qxe5 42. Qc5 Qxc5+ 43. Nxc5 Kf8 44. Kf2 Ke7 45. Ke3 Kd6 46. Kd2 Bf5 47. Nd3 e5 48. Ke3 Bh7 49. g4 f6 50. Kd2 g6 51. Ke3 f5 52. gxf5 gxf5 53. f4 e4 54. Ne5 Bg8 55. Kd4 Be6 56. Ng6 Bf7 57. Nh4 Be6 58. Ng2 Bf7 59. Ne3 Be6 60. Ng2 Bf7 61. Ne3 Be6 62. Ng2 1/2-1/2

[Event "USA-ch Seniors 50"]
[Site "Saint Louis"]
[Date "2019.07.15"]
[Round "5"]
[White "Dlugy, Maxim"]
[Black "Novikov, Igor A"]
[Result "0-1"]
[WhiteElo "2518"]
[BlackElo "2556"]
[PlyCount "76"]
[EventDate "2019.07.11"]
[EventType "tourn"]
[EventRounds "9"]
[EventCountry "USA"]
[EventCategory "11"]
[SourceTitle "CBM 191 Extra"]
[Source "ChessBase"]
[SourceDate "2019.09.30"]
[SourceVersion "1"]
[SourceVersionDate "2019.09.30"]
[SourceQuality "1"]

1. d4 d5 2. Bf4 Nf6 3. e3 c5 4. dxc5 e6 5. b4 a5 6. c3 Bd7 7. Nd2 axb4 8. cxb4 b6 9. cxb6 Bxb4 10. Bc7 Qe7 11. Ngf3 Ba4 12. Qxa4+ Rxa4 13. Bb5+ Nfd7 14. Bxa4 0-0 15. Bxd7 Qxd7 16. a4 Na6 17. Ne5 Qe7 18. Nc6 Qc5 19. Nxb4 Qxb4 20. Rb1 Qa5 21. Bd6 Rd8 22. Bg3 d4 23. e4 e5 24. b7 f6 25. f4 Rb8 26. fxe5 fxe5 27. 0-0 Qxd2 28. Bxe5 Rf8 29. Rfd1 Qe3+ 30. Kh1 d3 31. Bd6 Rf2 32. Bg3 Re2 33. b8Q+ Nxb8 34. Rxb8+ Kf7 35. Rg1 Qxe4 36. a5 d2 37. Rd8 Ke7 38. Rd6 Qe3 0-1

[Event "Titled Tuesday intern Qual1 4th April"]
[Site "Chess.com INT"]
[Date "2017.04.04"]
[Round "1"]
[White "Villegas, Pierre"]
[Black "Dlugy, Maxim"]
[Result "0-1"]
[WhiteElo "2290"]
[BlackElo "2518"]
[PlyCount "74"]
[EventDate "2017.04.04"]
[EventType "swiss (blitz)"]
[EventRounds "10"]
[EventCountry "USA"]
[SourceTitle "EXT 2021"]
[Source "ChessBase"]
[SourceDate "2020.10.23"]
[SourceVersion "1"]
[SourceVersionDate "2020.10.23"]
[SourceQuality "1"]

1. d4 d5 2. c4 dxc4 3. e3 e6 4. Bxc4 a6 5. Nf3 c5 6. 0-0 Nf6 7. dxc5 Qxd1 8. Rxd1 Bxc5 9. Be2 Nbd7 10. Nbd2 b6 11. Nb3 Be7 12. Nfd4 Bb7 13. f3 Rc8 14. e4 g6 15. Bf1 0-0 16. Be3 Ne5 17. Rac1 Rfd8 18. Rxc8 Rxc8 19. Rc1 Rxc1 20. Bxc1 Ne8 21. Be3 Nd7 22. Kf2 Nd6 23. Ke1 e5 24. Nc2 f5 25. exf5 gxf5 26. Kd2 f4 27. Bf2 e4 28. fxe4 Nxe4+ 29. Ke1 Nxf2 30. Kxf2 Ne5 31. Be2 Kf7 32. Ncd4 b5 33. h3 Bd5 34. Nf3 Nc4 35. Bxc4 bxc4 36. Nbd2 Bf6 37. b3 c3 0-1